00321 a2200121 450000100060000010000100000624500270001626000140004309000170005794200220007499900190009695200840011526219 aN.C.C aManagement of computer abN.C.Cc c17698d17698 aNUST-CAEcMc8555 c261292d261292 001040708NFICaCAEbCAEd2017-04-03l0pCAE25676r2017-04-05w2017-04-05yBK